000 00762nam a2200289Ia 4500
005 20260324140017.0
008 008 260324s9999 xx 000 0 eng d
020 _a9780429431913
037 _aEBOOK
040 _aCRL
040 _beng
040 _cCRL
041 _2eng
041 _aeng
084 _qCRL
100 _aReginald Byron; John Hutson
_91202783
245 0 _aLocal Enterprise on the North Atlantic Margin
245 0 _bSelected Contributions to the Fourteenth International Seminar on Marginal Regions
260 _bTaylor and Francis
260 _c1999
365 _a
365 _b89.99
856 _uhttp://www.taylorfrancis.com/books/9780429431913
942 _cEBOOK
999 _c1804398
_d1804398